Profiling of proteins from the crude extracts of phenylalanine-treated Boesenbergia Rotunda cell culture /
Saved in:
| 主要作者: | |
|---|---|
| 格式: | Thesis 圖書 |
| 語言: | English |
| 出版: |
2012.
|
| 主題: | |
| 標簽: |
添加標簽
沒有標簽, 成為第一個標記此記錄!
|
| LEADER | 00879cam a2200229 a 4500 | ||
|---|---|---|---|
| 001 | u863864 | ||
| 003 | SIRSI | ||
| 005 | 201209051109 | ||
| 008 | 120905n2012 my t 000 0 eng m | ||
| 040 | |a UMP | ||
| 096 | |a QX4 |b UM 2012 Tan | ||
| 100 | 1 | |a Tan, Eng Chong. | |
| 245 | 1 | 0 | |a Profiling of proteins from the crude extracts of phenylalanine-treated Boesenbergia Rotunda cell culture / |c Tan Eng Chong. |
| 260 | |c 2012. | ||
| 300 | |a xvi, 172 leaves : |b ill. ; |c 30 cm. | ||
| 502 | |a Dissertation (M. Med. Sc.) -- Department of Medical Microbiology, Faculty of Medicine, University of Malaya, 2012. | ||
| 504 | |a Bibliography: leaves 155-172. | ||
| 650 | 1 | 2 | |a Culture Techniques |z Malaysia. |
| 710 | 2 | 0 | |a Universiti Malaya. |b Jabatan Parasitologi. |
| 900 | |a RAH | ||
| 596 | |a 2 | ||
| 999 | |a QX4 UM 2012 TAN |w NLM |c 1 |i A515236369 |d 7/11/2012 |f 7/11/2012 |g 1 |l TESIS |m P02MEDKL |r Y |s Y |t TESIS |u 7/11/2012 | ||
